MARC details
| 000 -LEADER |
| fixed length control field |
03766cam a2200985 a 4500 |
| 001 - CONTROL NUMBER |
| control field |
20381 |
| 003 - CONTROL NUMBER IDENTIFIER |
| control field |
VRT |
| 005 - DATE AND TIME OF LATEST TRANSACTION |
| control field |
20260121151455.0 |
| 008 - FIXED-LENGTH DATA ELEMENTS--GENERAL INFORMATION |
| fixed length control field |
160430s2013 xo o g n 001 0 slo |
| 015 ## - NATIONAL BIBLIOGRAPHY NUMBER |
| National bibliography number |
SNBA2014/01 |
| 020 ## - INTERNATIONAL STANDARD BOOK NUMBER |
| International Standard Book Number |
9788081280733 (viaz.) |
| 035 ## - SYSTEM CONTROL NUMBER |
| System control number |
BC93E94C-3A8A-4155-8582-030A17F5FE9C |
| 035 ## - SYSTEM CONTROL NUMBER |
| System control number |
urn:nbn:sk:snk-amkbwz |
| 035 ## - SYSTEM CONTROL NUMBER |
| System control number |
urn:nbn:sk:snk-am008bss |
| 039 #9 - LEVEL OF BIBLIOGRAPHIC CONTROL AND CODING DETAIL [OBSOLETE] |
| Level of rules in bibliographic description |
202309141240 |
| Level of effort used to assign nonsubject heading access points |
AUTHORITY |
| Level of effort used to assign subject headings |
202210281138 |
| Level of effort used to assign classification |
AUTHORITY |
| Level of effort used to assign subject headings |
202008190751 |
| Level of effort used to assign classification |
AUTHORITY |
| Level of effort used to assign subject headings |
202008190750 |
| Level of effort used to assign classification |
AUTHORITY |
| 040 ## - CATALOGING SOURCE |
| Original cataloging agency |
PPPK |
| Language of cataloging |
slo |
| Transcribing agency |
PPPK |
| Modifying agency |
SNK |
| Description conventions |
AACR2 |
| 041 0# - LANGUAGE CODE |
| Language code of text/sound track or separate title |
slo |
| -- |
eng |
| 043 ## - GEOGRAPHIC AREA CODE |
| Geographic area code |
e-xo--- |
| 044 ## - COUNTRY OF PUBLISHING/PRODUCING ENTITY CODE |
| MARC country code |
xo |
| ISO country code |
SK |
| 072 #7 - SUBJECT CATEGORY CODE |
| Subject category code |
39 |
| Subject category code subdivision |
Etnológia. Etnografia. Folklór |
| Source |
konspekt |
| 080 ## - UNIVERSAL DECIMAL CLASSIFICATION NUMBER |
| Universal Decimal Classification number |
394 |
| Edition identifier |
2001 |
| 080 ## - UNIVERSAL DECIMAL CLASSIFICATION NUMBER |
| Universal Decimal Classification number |
391 |
| Edition identifier |
2001 |
| 080 ## - UNIVERSAL DECIMAL CLASSIFICATION NUMBER |
| Universal Decimal Classification number |
398 |
| Edition identifier |
2001 |
| 080 ## - UNIVERSAL DECIMAL CLASSIFICATION NUMBER |
| Universal Decimal Classification number |
(437.6) |
| Edition identifier |
2001 |
| 080 ## - UNIVERSAL DECIMAL CLASSIFICATION NUMBER |
| Universal Decimal Classification number |
94(437.6) |
| Edition identifier |
2001 |
| 080 ## - UNIVERSAL DECIMAL CLASSIFICATION NUMBER |
| Universal Decimal Classification number |
(084.11) |
| Edition identifier |
2001 |
| 080 ## - UNIVERSAL DECIMAL CLASSIFICATION NUMBER |
| Universal Decimal Classification number |
(048.8:082) |
| Edition identifier |
2001 |
| 080 ## - UNIVERSAL DECIMAL CLASSIFICATION NUMBER |
| Universal Decimal Classification number |
39 |
| Edition identifier |
2001 |
| 245 00 - TITLE STATEMENT |
| Title |
Gorali |
| Remainder of title |
veľká kniha o Goraloch Oravy, Liptova a Kysúc |
| Statement of responsibility, etc. |
[kolektív autorov ; fotografie: Marián Hruška ... [et al.]] |
| 246 30 - VARYING FORM OF TITLE |
| Title proper/short title |
Veľká kniha o Goraloch Oravy, Liptova a Kysúc |
| 246 11 - VARYING FORM OF TITLE |
| Title proper/short title |
Gorals |
| Remainder of title |
Big book about Gorals of Orava, Liptov and Kysuce |
| 250 ## - EDITION STATEMENT |
| Edition statement |
[1. vyd.] |
| 260 ## - PUBLICATION, DISTRIBUTION, ETC. |
| Place of publication, distribution, etc. |
Martin |
| Name of publisher, distributor, etc. |
Matica slovenská |
| Date of publication, distribution, etc. |
2013 |
| 300 ## - PHYSICAL DESCRIPTION |
| Extent |
211 s. |
| Other physical details |
fotogr., tab. |
| Dimensions |
28 cm |
| 504 ## - BIBLIOGRAPHY, ETC. NOTE |
| Bibliography, etc. note |
Bibliogr.: s. 209-211 ; men. reg. |
| 546 ## - LANGUAGE NOTE |
| Language note |
Čiast. súbež. text v angl. |
| 650 07 - SUBJECT ADDED ENTRY--TOPICAL TERM |
| Topical term or geographic name entry element |
Gorali |
| Source of heading or term |
SNKPH |
| 650 07 - SUBJECT ADDED ENTRY--TOPICAL TERM |
| Topical term or geographic name entry element |
každodenný život |
| Source of heading or term |
SNKPH |
| 650 07 - SUBJECT ADDED ENTRY--TOPICAL TERM |
| Topical term or geographic name entry element |
etnografia |
| Source of heading or term |
SNKPH |
| 650 07 - SUBJECT ADDED ENTRY--TOPICAL TERM |
| Topical term or geographic name entry element |
ľudové odevy |
| Source of heading or term |
SNKPH |
| 650 07 - SUBJECT ADDED ENTRY--TOPICAL TERM |
| Topical term or geographic name entry element |
folklór |
| Source of heading or term |
SNKPH |
| 650 07 - SUBJECT ADDED ENTRY--TOPICAL TERM |
| Topical term or geographic name entry element |
ľudová kultúra |
| Source of heading or term |
SNKPH |
| 650 07 - SUBJECT ADDED ENTRY--TOPICAL TERM |
| Topical term or geographic name entry element |
Folk culture |
| Source of heading or term |
SNKPHeng |
| 650 07 - SUBJECT ADDED ENTRY--TOPICAL TERM |
| Topical term or geographic name entry element |
Everyday life |
| Source of heading or term |
SNKPHeng |
| 650 07 - SUBJECT ADDED ENTRY--TOPICAL TERM |
| Topical term or geographic name entry element |
Ethnography |
| Source of heading or term |
SNKPHeng |
| 650 07 - SUBJECT ADDED ENTRY--TOPICAL TERM |
| Topical term or geographic name entry element |
Ethnic costume |
| Source of heading or term |
SNKPHeng |
| 650 07 - SUBJECT ADDED ENTRY--TOPICAL TERM |
| Topical term or geographic name entry element |
Folklore |
| Source of heading or term |
SNKPHeng |
| 651 #7 - SUBJECT ADDED ENTRY--GEOGRAPHIC NAME |
| Geographic name |
Liptov (Slovensko : región) |
| Source of heading or term |
SNKPH |
| 651 #7 - SUBJECT ADDED ENTRY--GEOGRAPHIC NAME |
| Geographic name |
Orava (Slovensko : región) |
| Source of heading or term |
SNKPH |
| 651 #7 - SUBJECT ADDED ENTRY--GEOGRAPHIC NAME |
| Geographic name |
Kysuce (Slovensko : región) |
| Source of heading or term |
SNKPH |
| 651 #7 - SUBJECT ADDED ENTRY--GEOGRAPHIC NAME |
| Geographic name |
Liptov (Slovakia : region) |
| Source of heading or term |
SNKPHeng |
| 651 #7 - SUBJECT ADDED ENTRY--GEOGRAPHIC NAME |
| Geographic name |
Orava (Slovakia : region) |
| Source of heading or term |
SNKPHeng |
| 651 #7 - SUBJECT ADDED ENTRY--GEOGRAPHIC NAME |
| Geographic name |
Kysuce (Slovakia : region) |
| Source of heading or term |
SNKPHeng |
| 655 #7 - INDEX TERM--GENRE/FORM |
| Genre/form data or focus term |
obrazové publikácie |
| Source of term |
SNKPH |
| 655 #7 - INDEX TERM--GENRE/FORM |
| Genre/form data or focus term |
kolektívne monografie |
| Source of term |
SNKPH |
| 655 #7 - INDEX TERM--GENRE/FORM |
| Genre/form data or focus term |
Pictorial works |
| Source of term |
SNKPHeng |
| 655 #7 - INDEX TERM--GENRE/FORM |
| Genre/form data or focus term |
Collective monographs |
| Source of term |
SNKPHeng |
| 700 1# - ADDED ENTRY--PERSONAL NAME |
| Personal name |
Beňušová, Elena |
| Relationship |
aut |
| 700 1# - ADDED ENTRY--PERSONAL NAME |
| Personal name |
Huba, Peter, |
| Dates associated with a name |
1949- |
| Relationship |
aut |
| 700 1# - ADDED ENTRY--PERSONAL NAME |
| Personal name |
Jesenský, Miloš, |
| Dates associated with a name |
1971- |
| Relationship |
aut |
| 700 1# - ADDED ENTRY--PERSONAL NAME |
| Personal name |
Kontrik, Alojz, |
| Dates associated with a name |
1966- |
| Relationship |
aut |
| 700 1# - ADDED ENTRY--PERSONAL NAME |
| Personal name |
Kubica, Peter, |
| Dates associated with a name |
1976- |
| Relationship |
aut |
| 700 1# - ADDED ENTRY--PERSONAL NAME |
| Personal name |
Kulášová, Erika |
| Relationship |
aut |
| 700 1# - ADDED ENTRY--PERSONAL NAME |
| Personal name |
Kullová, Adela |
| Relationship |
aut |
| 700 1# - ADDED ENTRY--PERSONAL NAME |
| Personal name |
Laučíková, Katarína, |
| Dates associated with a name |
1979- |
| Relationship |
aut |
| 700 1# - ADDED ENTRY--PERSONAL NAME |
| Personal name |
Zuskinová, Iveta, |
| Dates associated with a name |
1950- |
| Relationship |
aut |
| 700 1# - ADDED ENTRY--PERSONAL NAME |
| Personal name |
Žabenský, Miroslav, |
| Dates associated with a name |
1972- |
| Relationship |
aut |
| 700 1# - ADDED ENTRY--PERSONAL NAME |
| Personal name |
Hruška, Marián |
| Relationship |
pht |
| 910 ## - USER-OPTION DATA (OCLC) |
| User-option data |
sllk |
| 942 ## - ADDED ENTRY ELEMENTS (KOHA) |
| Source of classification or shelving scheme |
Dewey Decimal Classification |
| Koha item type |
Odborná literatúra pre dospelých |
| Suppress in OPAC |
No |
| 949 ## - LOCAL PROCESSING INFORMATION (OCLC) |
| 6 |
273K0564128 |
| a |
svkpoC 53727 |
| b |
svkpo566310 |
| 949 ## - LOCAL PROCESSING INFORMATION (OCLC) |
| 6 |
3875K07855 |
| a |
bauluvE 281 D1 |
| b |
bauluv2013/07855 |
| o |
MLUV |
| 949 ## - LOCAL PROCESSING INFORMATION (OCLC) |
| 6 |
3875K07856 |
| a |
bauluvE 281 D2 |
| b |
bauluv2013/07856 |
| 949 ## - LOCAL PROCESSING INFORMATION (OCLC) |
| 6 |
270001000438186 |
| a |
svkbbC 58435 |
| b |
svkbbm 740815 |
| 949 ## - LOCAL PROCESSING INFORMATION (OCLC) |
| 6 |
17A1101812 |
| a |
snkSB 86009 |
| b |
snk2013/31045 |
| o |
2737/13 |
| s |
6100:20140925 |
| 949 ## - LOCAL PROCESSING INFORMATION (OCLC) |
| 6 |
17A1101811 |
| a |
snkSB 86009 D1 |
| b |
snk2013/31046 |
| o |
2737/13 |
| 949 ## - LOCAL PROCESSING INFORMATION (OCLC) |
| 6 |
17A1101810 |
| 9 |
snkGOR 398 |
| a |
snkSB 86009 D2 |
| b |
snk2013/31047 |
| o |
2928/13 +1 MPL |
| 949 ## - LOCAL PROCESSING INFORMATION (OCLC) |
| 6 |
273K0566161 |
| a |
svkpoC 53767 |
| b |
svkpo567198 |
| p |
O 18 |
| s |
6719:20140114 |
| 949 ## - LOCAL PROCESSING INFORMATION (OCLC) |
| 6 |
3875K08120 |
| a |
bauluvE 281 D3 |
| b |
bauluv2014/08120 |
| o |
RCR_KE |
| 949 ## - LOCAL PROCESSING INFORMATION (OCLC) |
| 6 |
2889203629 |
| a |
savukV 52219 |
| b |
savuk2013/5061 |
| 949 ## - LOCAL PROCESSING INFORMATION (OCLC) |
| 6 |
273K0579803 |
| a |
svkpoC 54689 |
| b |
svkpo577923 |
| 949 ## - LOCAL PROCESSING INFORMATION (OCLC) |
| 6 |
0133098611 |
| a |
snmk |
| b |
snmk2014/98611 |
| 949 ## - LOCAL PROCESSING INFORMATION (OCLC) |
| 6 |
3830001138388 |
| a |
kurukE6/209 |
| b |
kuruk2020/F3218 |
| o |
D2020/Jedláková, Miroslava/DK/28.9.2020 |